[Event "Reykjavik ISL-ch op"]
[Site "Reykjavik"]
[Date "2020.08.30"]
[Round "9"]
[White "Orrason, Arnar Freyr"]
[Black "Sigurdsson, Sigurdur J"]
[Result "1-0"]
[WhiteElo "1011"]
[BlackElo "1493"]
[PlyCount "83"]
[EventDate "2020.08.22"]
[EventType "swiss"]
[EventRounds "9"]
[EventCountry "ISL"]
[SourceTitle "CBM 198 Extra"]
[Source "ChessBase"]
[SourceDate "2020.11.30"]
[SourceVersion "1"]
[SourceVersionDate "2020.11.30"]
[SourceQuality "1"]

1. d4 Nf6 2. c4 g6 3. Nc3 Bg7 4. Bg5 h6 5. Bh4 g5 6. Bg3 Nh5 7. e3 Nxg3 8. hxg3 a5 9. Bd3 d6 10. Nf3 Nc6 11. Qc2 Nb4 12. Qb1 e5 13. d5 0-0 14. a3 Nxd3+ 15. Qxd3 Re8 16. e4 f5 17. exf5 e4 18. Nxe4 Bxf5 19. Nfd2 Bxe4 20. Nxe4 Qe7 21. f3 Qe5 22. Rb1 Qxg3+ 23. Kf1 Qe5 24. b3 Rf8 25. Ke2 Rae8 26. Kd2 g4 27. Rhe1 gxf3 28. gxf3 Qf4+ 29. Re3 h5 30. Rh1 h4 31. Qe2 Bh6 32. Rg1+ Kh8 33. Rg4 Qxg4 34. fxg4 Rxe4 35. g5 Rxe3 36. Qxe3 Bg7 37. g6 Rf6 38. Qe8+ Bf8 39. Qd7 Rxg6 40. Qf7 Bh6+ 41. Kc2 Rg7 42. Qh5 1-0

[Event "Reykjavik ISL-ch op"]
[Site "Reykjavik"]
[Date "2020.08.23"]
[Round "2"]
[White "Omarsson, Josef"]
[Black "Sigurdsson, Sigurdur J"]
[Result "0-1"]
[WhiteElo "1171"]
[BlackElo "1493"]
[PlyCount "90"]
[EventDate "2020.08.22"]
[EventType "swiss"]
[EventRounds "9"]
[EventCountry "ISL"]
[SourceTitle "CBM 198 Extra"]
[Source "ChessBase"]
[SourceDate "2020.11.30"]
[SourceVersion "1"]
[SourceVersionDate "2020.11.30"]
[SourceQuality "1"]

1. d4 Nf6 2. Bf4 d5 3. Nf3 c5 4. e3 Nc6 5. c3 Qb6 6. Qb3 c4 7. Qc2 Bf5 8. Qc1 Nh5 9. Bg3 e6 10. Nbd2 Be7 11. Be2 0-0 12. 0-0 Nxg3 13. hxg3 h6 14. b3 cxb3 15. axb3 Rfc8 16. c4 dxc4 17. bxc4 Qd8 18. Qb2 Bf6 19. Qb3 a5 20. Bd3 Bxd3 21. Qxd3 Nb4 22. Qb3 Qd6 23. Ne4 Qa6 24. Nxf6+ gxf6 25. c5 b5 26. Nd2 Nd5 27. Ne4 a4 28. Qc2 b4 29. Qd1 Kh7 30. Qb1 Kg7 31. Qd1 f5 32. Nd6 Rc7 33. Qf3 Nf6 34. Nb5 Rcc8 35. Nd6 Rcb8 36. Kh2 b3 37. Rh1 b2 38. Rab1 a3 39. Qf4 a2 40. g4 Nxg4+ 41. Kg3 axb1Q 42. Rh4 Qe2 43. f3 Qbe1+ 44. Kh3 Qh1+ 45. Kg3 Qee1# 0-1